Les Simpson - Moe - Statistiques

Statistiques générales
  • Ce quiz a été pris 64 fois
  • Le résultat moyen est 5 sur 10
Statistiques - réponses
Question Réponse % Correct
Qui lui fait souvent des blagues au téléphone ? Bart
100%
Que fait-il chaque année à Noël ? il tente de se suicider
83%
Qui est son admirateur secret pour la Saint-Valentin ? Barney
58%
En quoi change-t-il le nom de son bar quand il en fait un restaurant familial ? La mangeoire de l'oncle Moe
58%
À quel âge a-t-il rencontré Homer pour la première fois ? 12 ans
50%
De quelle secte fait-il partie dans l'épisode "Homer l'hérétique" ? les adorateurs de serpents
42%
Quel jour est-il né ? un 24 novembre
42%
Quel enterrement de vie de garçon est organisé dans son bar ? celui de Skinner
33%
Qu'achète-t-il aux enchères chez Krusty lorsque ce dernier doit vendre tous ses biens car il est sur la paille ? son lit
25%
Quel est son véritable prénom ? Morris
8%
Aucun quiz correspondant
Distribution des résultats
% des personnes avec chaque résultat
Percentile par nombre de réponses
Votre historique - résultats
Vous n’avez pas pris ce quiz